00856nam a2200217 a 450000100100000000500170001000800410002702000180006804000250008608200160011110000340012724500390016126000740020030000270027449000270030159000270032883000320035595201140038795201200050199900170062100004780920240305141039.0180810s2015 dr a 000 0 spa d a9789945588248 aDO-SdBNPbspacBNPHU axxxxbG146v1 aGalán, Bismar,d1961-9149010aVersos del mar. /cBismar Galán. aSanto Domingo, :bEdiciones FerilibrobEdiciones Muñequitos,c2015. a19 p. :bil. ;c28 cm.1 aLecturas que dibujan : aInventariado, 2019/ YL 0aLecturas que dibujan974376 0010718PDaPDbPDcCTd2018-08-10iLF1l0oxxxx G146vp47809-10r2020-06-25w2020-06-25yLFPDZNo se presta 0010718PDaPDbPDcCTd2018-08-10iLF1l0oxxxx G146vp47809-20r2020-06-25te. 2w2020-06-25yLFPDZNo se presta c47297d47297